Mejora continua : (Registro nro. 22147)

Detalles MARC
000 -Cabecera
Campo de control interno 01046nam a22002537a 4500
005 - Fecha y hora del registro
control field 20260331173127.0
008 - Elementos de Longitud Fija
fixed length control field 260330b |||||||| |||| 00| 0 spa d
020 ## - ISBN
ISBN 9788419187253
082 ## - DEWEY y NOTACIÓN INTERNA
Dewey 658.562
Notación Interna C84
100 ## - AUTOR
Autor denominación Costas Gual, José,
Término de relación autor
245 ## - TÍTULO DE MATERIAL BIBLIOGRÁFICO
Título Mejora continua :
Título paralelo construcción de organizaciones orientadas a resolver problemas: hoja de ruta para incrementar el nivel de madurez organizacional
250 ## - EDICIÓN
Edición Primera edición
260 ## - CIUDAD, EDITORIAL, AÑO
Ciudad [Lugar de publicación no identificado] :
Nombre de la Editorial Aula Magna Proyecto Clave McGraw Hill,
Año 2022
300 ## - DESCRIPCIÓN
N° Páginas 533 páginas :
Otros detalles ilustraciones, cuadros, gráficos ;
Dimensiones 23 cm.
440 ## - MENCIÓN DE SERIE
Título de la Serie ;
650 ## - TEMAS
Temas Tecnología (Ciencias Aplicadas)
653 ## - DESCRIPTORES
Lenguajes no controlado Gerencia general; Control de calidad
654 ## - PROGRAMAS
Programa Dpto. de Administración de Negocios
700 ## - OTROS AUTORES
Otros autores Climent, Rafael Pastor,
Termino Relacionado autor
700 ## - OTROS AUTORES
Otros autores Puche Regaliza, Julio César,
Termino Relacionado autor
856 ## - URL - UBICACIÓN
URI/URL: Enlace exacto del recurso <a href="https://0u20juuox-y-https-www-jstor-org.itmsp.museknowledge.com/action/doBasicSearch?Query=Mejora+continua&so=rel">https://0u20juuox-y-https-www-jstor-org.itmsp.museknowledge.com/action/doBasicSearch?Query=Mejora+continua&so=rel</a>
Nota pública: Versión digital <a href="Véase además: Base de datos JSTOR">Véase además: Base de datos JSTOR</a>
942 ## - ELEMENTOS DE KOHA
Tipo de documento Libro
Nombre del creador Justo Noguera
Código de catalogador Mirtha Ponce
Suppress in OPAC No
Esquema de clasificación Dewey Decimal Classification
Existencias
Codigo completo Registro Colección Copia número Disponibilidad Tipo de préstamo Biblioteca Actual Procedencia (Biblioteca) Ubicacón Fecha Ingreso Tipo de Adquisición Observación Date last seen Total checkouts Price effective from Tipo de Item Estado del Material Fuente de Clasificación Damaged status Withdrawn status
658.562 C84 1088240 Universidad Católica San Pablo 1 Disponible Disponible Víctor Andrés Belaunde Víctor Andrés Belaunde Primer piso 30/03/2026 Compra Administración de Negocios 30/03/2026   30/03/2026 Libro Bueno Dewey Decimal Classification